[Event "FRA-ch op-D"]
[Site "Aix les Bains"]
[Date "2007.08.23"]
[Round "10"]
[White "Ringot, Maxime"]
[Black "Masson, Guillaume"]
[Result "1-0"]
[WhiteElo "1490"]
[BlackElo "1380"]
[PlyCount "93"]
[EventDate "2007.08.13"]
[EventType "swiss"]
[EventRounds "11"]
[EventCountry "FRA"]
[SourceTitle "CBM 120 Extra"]
[Source "ChessBase"]
[SourceDate "2007.11.01"]
[SourceVersion "1"]
[SourceVersionDate "2007.11.01"]
[SourceQuality "1"]

1. f4 d5 2. Nf3 e6 3. e3 Nc6 4. Bb5 Bd7 5. Bxc6 Bxc6 6. Ne5 Qh4+ 7. g3 Qh3 8. Qg4 Qxg4 9. Nxg4 d4 10. 0-0 dxe3 11. Nxe3 Bc5 12. d3 Nf6 13. c3 Nd5 14. d4 Nxe3 15. Bxe3 Bd6 16. Nd2 0-0-0 17. Nc4 Bb5 18. Nxd6+ cxd6 19. Rfc1 d5 20. a4 Bc6 21. b4 a6 22. c4 dxc4 23. Rxc4 Kd7 24. Rc5 Rc8 25. b5 axb5 26. axb5 Bd5 27. Rxc8 Rxc8 28. Rc1 Rxc1+ 29. Bxc1 Kc7 30. Kf2 Kb6 31. g4 Kxb5 32. f5 Kc4 33. Ke3 g6 34. fxg6 hxg6 35. h4 f5 36. h5 gxh5 37. gxh5 e5 38. dxe5 Bg8 39. Kf4 Kd5 40. Kxf5 b5 41. h6 Bh7+ 42. Kf6 b4 43. e6 Kd6 44. e7 Kd7 45. Kf7 Bg6+ 46. Kxg6 Kxe7 47. h7 1-0

[Event "FRA-ch op-D"]
[Site "Aix les Bains"]
[Date "2007.08.18"]
[Round "5"]
[White "Ringot, Maxime"]
[Black "Clement, Alexandre"]
[Result "0-1"]
[WhiteElo "1490"]
[BlackElo "1390"]
[PlyCount "146"]
[EventDate "2007.08.13"]
[EventType "swiss"]
[EventRounds "11"]
[EventCountry "FRA"]
[SourceTitle "CBM 120 Extra"]
[Source "ChessBase"]
[SourceDate "2007.11.01"]
[SourceVersion "1"]
[SourceVersionDate "2007.11.01"]
[SourceQuality "1"]

1. f4 d5 2. Nf3 Nc6 3. e3 Bf5 4. Bb5 Qd6 5. b3 a6 6. Bxc6+ Qxc6 7. Ne5 Qxc2 8. Qxc2 Bxc2 9. Nc3 e6 10. Bb2 f6 11. Nf3 Bd6 12. Nd4 Bd3 13. Nxe6 Kf7 14. Nd4 c6 15. Rc1 Ne7 16. g4 c5 17. Nf5 Bxf5 18. gxf5 b5 19. d3 Rac8 20. Rf1 Rhe8 21. e4 d4 22. Ne2 Nxf5 23. exf5 Re7 24. Kd2 Rce8 25. Ng3 Rc7 26. Ne4 Bf8 27. Rc2 Kg8 28. Rg1 Kh8 29. Rgc1 c4 30. bxc4 b4 31. Bxd4 Rd7 32. Bc5 Bxc5 33. Nxc5 Rde7 34. Ne4 Rd8 35. Rb2 Rxe4 36. Rxb4 Rxf4 37. Rcb1 h5 38. Rb8 Rxb8 39. Rxb8+ Kh7 40. Rb6 Rf2+ 41. Ke3 Rxa2 42. Ke4 Kg8 43. c5 Kf7 44. Rb7+ Ke8 45. Rxg7 a5 46. c6 Kd8 47. Ra7 Rxh2 48. Kd5 Rd2 49. c7+ Kd7 50. d4 Re2 51. Kc5 h4 52. d5 h3 53. d6 h2 54. Ra8 Rc2+ 55. Kb5 Kxd6 56. Rh8 Kxc7 57. Kxa5 Kd6 58. Kb4 Ke5 59. Kb3 Rg2 60. Rh5 Kf4 61. Kc3 Kg4 62. Rh8 Rg3+ 63. Kd2 Rh3 64. Rg8+ Kxf5 65. Rg2 h1Q 66. Rf2+ Rf3 67. Re2 Qa1 68. Kc2 Qa2+ 69. Kd1 Rf1+ 70. Re1 Rxe1+ 71. Kxe1 Ke4 72. Kd1 Kd3 73. Ke1 Qe2# 0-1

[Event "FRA-ch op-D"]
[Site "Aix les Bains"]
[Date "2007.08.15"]
[Round "2"]
[White "Ringot, Maxime"]
[Black "Duffaud, Celia"]
[Result "1-0"]
[WhiteElo "1490"]
[BlackElo "1390"]
[PlyCount "125"]
[EventDate "2007.08.13"]
[EventType "swiss"]
[EventRounds "11"]
[EventCountry "FRA"]
[SourceTitle "CBM 120 Extra"]
[Source "ChessBase"]
[SourceDate "2007.11.01"]
[SourceVersion "1"]
[SourceVersionDate "2007.11.01"]
[SourceQuality "1"]

1. f4 d5 2. Nf3 Nc6 3. e3 Nf6 4. Bb5 a6 5. Bxc6+ bxc6 6. Ne5 Qd6 7. b3 c5 8. d3 Rb8 9. Ba3 Bf5 10. 0-0 g6 11. Nd2 Bg7 12. Rb1 0-0 13. Qe2 Rb5 14. c4 dxc4 15. bxc4 Ra5 16. Rb3 Qe6 17. h3 Rd8 18. e4 Bxe4 19. dxe4 Bh6 20. Qe3 Nd7 21. Nxd7 Qxd7 22. Rf2 Qd4 23. Qxd4 Rxd4 24. Rb8+ Kg7 25. Bb2 e5 26. Bxd4 exd4 27. Nb3 Ra4 28. Nxc5 Rxc4 29. Nxa6 g5 30. g3 Rc3 31. Rd8 Rxg3+ 32. Rg2 Ra3 33. fxg5 Rxa6 34. gxh6+ Kxh6 35. Rxd4 c5 36. Rc4 Rc6 37. Rgc2 Re6 38. Rxc5 Rxe4 39. Rc6+ Kg5 40. R2c5+ Kf4 41. Rc4 f5 42. Rxe4+ fxe4 43. Kf2 e3+ 44. Ke2 h5 45. Rc4+ Kg3 46. Kxe3 Kxh3 47. a4 h4 48. Rxh4+ Kxh4 49. a5 Kg5 50. a6 Kf6 51. a7 Ke5 52. a8R Kd5 53. Ra4 Kc5 54. Kd3 Kb5 55. Rc4 Ka5 56. Rc1 Kb5 57. Kd4 Kb6 58. Kd5 Kb7 59. Kd6 Ka7 60. Rc7+ Ka8 61. Kc6 Kb8 62. Kb6 Ka8 63. Rc8# 1-0